| 000 | 00000nam##2200000za#4500 |
| 001 | 9.588194 |
| 003 | CaOODSP |
| 005 | 20210624195013 |
| 007 | cr ||||||||||| |
| 008 | 150406|2008||||xxc|||||o f|0| 0 fre|d |
| 040 | |aCaOODSP|bfre |
| 041 | |aeng |
| 041 | |afre |
| 043 | |an-cn--- |
| 086 | 1 |aFo123-3/2-2008-PDF |
| 110 | 1 |aCanada.|bRessources naturelles Canada. |bService canadien des forêts. |
| 245 | 10|aPolitique en matière d'exploitation forestière en zone riveraine|h[ressource électronique]|c[publié par le] Centre de foresterie des Grands Lacs. |
| 260 | |aSault Ste. Marie - Ontario : |bRessources naturelles Canada. |cc2008. |
| 300 | |a8p.|bréférences, photographies |
| 490 | 1 |aPremière ligne, points de vue sur les politiques|vNote 2 |
| 590 | |a12-39-Supp|b2012-10-11 |
| 691 | 07|aPolitique forestière|2gcpds |
| 791 | |tRiparian harvesting policy|eeng|w(CaOODSP)9.588193 |
| 830 | #0|aPremière ligne, points de vue sur les politiques ;|vNote 2|w(CaOODSP)9.500668 |
| 856 | 40|ahttp://publications.gc.ca|qPDF|s6.90 Mo|uhttps://publications.gc.ca/collections/collection_2012/rncan-nrcan/Fo123-3-2-2008.pdf|yNote 2 |